Yaroḳ yaroḳ : (Record no. 31959)

MARC details
000 -LEADER
fixed length control field 00591cam a22002291a 4500
001 - CONTROL NUMBER
control field he 66001663
003 - CONTROL NUMBER IDENTIFIER
control field DLC
005 - DATE AND TIME OF LATEST TRANSACTION
control field 20260227111441.0
008 - FIXED-LENGTH DATA ELEMENTS--GENERAL INFORMATION
fixed length control field 890208s1966 is 000 1 hebr
010 ## - LIBRARY OF CONGRESS CONTROL NUMBER
LC control number he 66001663
035 ## - SYSTEM CONTROL NUMBER
System control number (OCoLC)19114110
040 ## - CATALOGING SOURCE
Original cataloging agency DLC
Transcribing agency InU
Modifying agency DLC
042 ## - AUTHENTICATION CODE
Authentication code premarc
050 00 - LIBRARY OF CONGRESS CALL NUMBER
Classification number PJ5054.Z385
Item number Y3
100 1# - MAIN ENTRY--PERSONAL NAME
Personal name Zarchi, Nurit.
245 10 - TITLE STATEMENT
Title Yaroḳ yaroḳ :
Remainder of title shirim /
Statement of responsibility, etc. Nurit Zarḥi.
260 ## - PUBLICATION, DISTRIBUTION, ETC.
Place of publication, distribution, etc. [Tel-Aviv] :
Name of publisher, distributor, etc. Maḥberot le-sifrut,
Date of publication, distribution, etc. 1966.
300 ## - PHYSICAL DESCRIPTION
Extent 43 p. ;
Dimensions 21 cm.
500 ## - GENERAL NOTE
General note Poems.
500 ## - GENERAL NOTE
General note Romanized record.
500 ## - GENERAL NOTE
General note Vocalized.

No items available.

Powered by Koha